|
|
|
|
| LEADER |
00000nam a22000007a 4500 |
| 005 |
20180925233035.0 |
| 007 |
cr|||| ||| |
| 008 |
180925s2006 ar |||||s|||| 00||0 spa d |
| 035 |
|
|
|a 21943
|
| 040 |
|
|
|a vLex
|
| 090 |
|
|
|c 8114
|d 8114
|
| 245 |
0 |
1 |
|a A 30 aǫs del Golpe de Estado
|h [Recurso electrn̤ico] /
|
| 256 |
|
|
|a Servicio en ln̕ea
|
| 260 |
|
|
|a Buenos Aires:
|b DAIA. Delegacin̤ de Asociaciones Israelitas Argentinas,
|c 2006
|
| 300 |
|
|
|a 1 recurso electrn̤ico (20 p.)
|
| 506 |
1 |
|
|a Disponible solo en los productos indicados
|d vLex Global
|d vLex Global (Academic Edition, excluding Law Schools)
|d vLex Global (U.S. Academic Edition, Law Schools)
|d vLex Global (U.S. Academic Edition, excluding Law Schools)
|d vLex Global (Academic Edition, Law Schools)
|
| 650 |
0 |
4 |
|a Ciencias sociales
|z Argentina
|
| 740 |
0 |
|
|a vLex Libros (Servicio en ln̕ea)
|
| 856 |
4 |
0 |
|u http://vlex.com/source/30-a-os-golpe-estado-21943
|z Acceso restringido
|
| 942 |
|
|
|c BOOK
|
| 999 |
0 |
|
|a Social Sciences
|